| 000 | 00444nab a22001097u 4500 | ||
|---|---|---|---|
| 008 | 130520b2003 xxu||||| |||| 00| 0 spa d | ||
| 041 | _aspa | ||
| 100 | 1 |
_aLehmann, David _957633 |
|
| 245 | 0 | 0 |
_aDesidencia y conformismo en los movimientos religiosos: ¿qué diferencia hay entre la Renovación Carismática Católica y las Iglesias pentecostales? _cDavid Lehmann |
| 773 | 0 |
_tConcilium _gnº301,2003,págs. 141-159 _x0210-1041 _wRev134 |
|
| 942 | _cAR | ||
| 999 |
_c365042 _d365042 |
||